| 000 | 00462nam a2200169Ia 4500 | ||
|---|---|---|---|
| 999 |
_c13666 _d13666 |
||
| 003 | OSt | ||
| 005 | 20201015101037.0 | ||
| 008 | 190216s9999||||xx |||||||||||||| ||und|| | ||
| 040 | _coclc | ||
| 082 |
_a839.8226 _bIBS/D |
||
| 100 |
_aIbsen, Henrik _95122 |
||
| 245 | 2 |
_aA Doll`s House / _cHenrik Ibsen |
|
| 260 |
_bMacmillan, _c1982. _aMadras: |
||
| 300 | _a87p | ||
| 650 | _aEnglish | ||
| 942 |
_cBK _2ddc _h839.8286 _iIBS/D _k839.8286 _mIBS/D |
||